01070nam a2200241Ia 450000100060000000300090000600800410001504000130005604000130006904100130008210000240009510000290011924500750014824500750022325000110029826000090030926000220031826000490034030000570038950003190044665000320076565000310079763951IT-RoPAU130308s9999 xx 000 0 und d aIT-RoPAU cIT-RoPAU aITALIANO aBartolucci Giuseppe gCodice Aut. SPICS: 9511 aLiving Theatre (The)-Saggio di scrittura scenica come movimento-azione bLiving Theatre (The)-Saggio di Scrittura scenica Come Movimento-Azione a1a ed. aROMA bSamona' E Savelli c1970 [1° Ed.:1970 - Ed.Ling.Originale:1970] a"188 p. (prefazione: no ; testo: 188 [pagine: 0-0])" aOrganismo Microstruttura Eredità€ Europea di Many Loves The Connection The Brig Grammatica dei Mysteries Genet Come Pura violenza Frankenstein o Teatro immagine Antigone Paradise Now Rivendicazione dell'Utopia Contraddizione Benefica spettatore Cadavere Ascendenza Americana Senso del ritorno Esercizio Collettivo aSTORIA NAZIONALE DEL TEATRO eCodice materia Spics: 8409